Statistiques concernant Mots de la langue française terminés par "mal"

Cliquez ici pour prendre le quiz!

Statistiques générales

  • Ce quiz a été pris 138 fois
  • Le résultat moyen est 6 sur 12

Statistiques - réponses

IndiceMot% Correct
bêteanimal
91%
le moins élevéminimal
69%
le plus élevémaximal
67%
conformenormal
64%
déséquilibréanormal
58%
relatif aux larmeslacrymal
54%
métriquedécimal
47%
idéaloptimal
46%
balnéairethermal
46%
inexpliquéparanormal
38%
qui se porte sur les articulations et les osrhumatismal
6%
relatif à l'hiverhiemal
4%

Distribution des résultats

Percentile par nombre de réponses

% des personnes avec chaque résultat

Votre développement - résultats

Vous n’avez pas pris ce quiz